Trivia - GTA V - Statistics

General Stats
  • This quiz has been taken 784 times
  • The average score is 8 of 10
Answer Stats
Question Answer % Correct
Which company is the publisher of Grand Theft Auto V? Rockstar Games
100%
Who are the three main characters? Trevor, Michael and Franklin
98%
What is the most wanted stars you can get? 5
97%
What is the name of Franklins dog? Chop
97%
Which city is the game based in? Los Angeles
95%
What year was Grand Theft Auto V published? 2013
92%
On which of the following platforms Grand Theft Auto 5 WAS NOT released? Playstation 2
92%
How many MAIN mission are there in STORY MODE? 69
54%
When was the pc version released? 2015
50%
With what character do you start the game with? Franklin
32%
No matching quizzes found
Score Distribution
Percent of People with Each Score
Percentile by Number Answered
Your Score History
You have not taken this quiz